000 01529cam a22003254a 4500
001 11919622
003 OSt
005 20150408113747.0
008 000223s2000 gw a b 101 0 eng
010 _a 00026349
020 _a3540671595 (acidfree paper)
040 _aDLC
_cDLC
_dDLC
042 _apcc
050 0 0 _aQA9.58
_b.I885 2000
082 0 0 _a511.8
_221
111 2 _aItalian Conference on Algorithms and Complexity
_n(4th :
_d2000 :
_cRome, Italy)
_98808
245 1 0 _aAlgorithms and complexity :
_b4th Italian conference, CIAC 2000, Rome, Italy, March 1-3, 2000 : proceedings /
_cGiancarlo Bongiovanni, Giorgio Gambosi, Rossella Petreschi (eds.).
260 _aBerlin ;
_aNew York :
_bSpringer,
_cc2000.
300 _aviii, 315 p. :
_bill. ;
_c24 cm.
440 0 _aLecture notes in computer science,
_x0302-9743 ;
_v1767
_98809
504 _aIncludes bibliographical references and index.
650 0 _aAlgorithms
_vCongresses.
_98810
650 0 _aComputational complexity
_vCongresses.
_98811
700 1 _aBongiovanni, Giancarlo.
_98812
700 1 _aGambosi, G.
_q(Giorgio),
_d1955-
_98813
700 1 _aPetreschi, Rossella,
_d1950-
_98814
856 4 2 _3Publisher description
_uhttp://www.loc.gov/catdir/enhancements/fy0816/00026349-d.html
942 _2ddc
_cBOOK
999 _c3592
_d238092